000 00465nam a2200181Ia 4500
005 20250603144428.0
008 250603s9999 xx 000 0 und d
020 _a8170084016
050 _aTK 453 .R175/
100 _aRajput, R.K
245 2 _aA textbook of electrical engineering materials : for U.P technical university
260 _aNew delhi
260 _bLaxmi Publications
260 _c2003
300 _a449 p
650 _aNew delhi
942 _cBK
999 _c38894
_d38894